000 00748nam a22002537a 4500
001 25472
005 20260424163220.0
008 260417b |||||||| |||| 00| 0 spa d
020 _a9786125035721
041 _aESP
082 _a701.1
_bC14
100 _aCáceres Cuadros, Tito
_eAUT
245 _aDe Gabo y otros heroicos furores
250 _aPrimera edición
260 _aArequipa :
_bEditorial UNSA,
_c2023
300 _a180 páginas :
_bláminas, ilustraciones ;
_c21 cm.
440 _a ;
650 _aABD
653 _aLiteratura - Historia y crítica; Pintores
654 _aCTP
700 _a;
856 _uhttps://itmsp.museknowledge.com/UCSP?groupID=2
_zVéase además: Biblioteca Digital
942 _cLIB
_dJUS
_fMAT
_n0
_2ddc
999 _c25472
_d25472